000 00512nam a22001937a 4500
003 OSt
005 20160711181427.0
008 160711b xxu||||| |||| 00| 0 eng d
020 _a9780340992111
040 _cDNLM.
082 _aQZ140572d 2012.
100 _aDonald,N.Mitchell;[et....al.]
_910107
245 _aSarcoidosis.
260 _aUK.
_bDodder Arnold.
_c2012.
300 _axiv,472p;
_bill;
_c28cm
504 _areferences and index are included.
650 _aSarcoidosis.
_910108
942 _2z
_cO_SHELF
999 _c4700
_d4700